| 000 | 00607 a2200217 4500 | ||
|---|---|---|---|
| 010 | _aTML-30169 | ||
| 020 | _c40.00 | ||
| 035 | _aTM-28405 | ||
| 037 | _bD.B.Act / pub / | ||
| 082 | _a894.811 | ||
| 090 |
_c7 _d7 |
||
| 100 | _aJagannatharaja.. M .K. | ||
| 245 |
_aSumathi sadagam / _cM. K .Jagannatharaja |
||
| 246 | _aசுமதி சதகம் | ||
| 250 | _a1st ed | ||
| 260 |
_aThanjavur _bSaraswathi Mahal Noolagam _c2003 |
||
| 300 |
_a96p _c22cm |
||
| 650 | _aTamil poetry | ||
| 942 |
_cTM _k894.811 / JAG |
||
| 999 |
_c7 _d7 |
||